书目信息 |
| 题名: |
自动驾驶技术概论
|
|
| 作者: | 王建 编著 | |
| 分册: | ||
| 出版信息: | 北京 清华大学出版社 2020.12 |
|
| 页数: | 10,153页 | |
| 开本: | 26cm | |
| 丛书名: | 自动驾驶技术系列丛书 | |
| 单 册: | ||
| 中图分类: | U463.8 | |
| 科图分类: | ||
| 主题词: | 汽车驾驶--自动驾驶系统 | |
| 电子资源: | ||
| ISBN: | 978-7-302-53778-6 | |
| 000 | 01112nam0 2200277 45 | |
| 001 | 012001000939 | |
| 005 | 20140912101023.0 | |
| 010 | @a978-7-302-53778-6@dCNY59.80 | |
| 100 | @a20191129d2019 em y0chiy50 ea | |
| 101 | 0 | @achi |
| 102 | @aCN@b110000 | |
| 105 | @aa z 000yy | |
| 106 | @ar | |
| 200 | 1 | @a自动驾驶技术概论@Azi dong jia shi ji shu gai lun@b专著@f王建[等]编著 |
| 210 | @a北京@c清华大学出版社@d2020.12 | |
| 215 | @a10,153页@c图@d26cm | |
| 225 | 1 | @a自动驾驶技术系列丛书@f王云鹏,李震宇主编 |
| 300 | @a“十三五”国家重点图书出版规划项目 | |
| 304 | @a编著者还有:徐国艳、陈竞凯、冯宗宝 | |
| 330 | @a本书系统地对自动驾驶所涉及的技术进行了介绍,主要内容包括:传统汽车和自动驾驶汽车的发展历史及行业现状、传统汽车和自动驾驶汽车构造基础、自动驾驶汽车线控系统技术、自动驾驶汽车环境感知和高精度定位技术、自动驾驶汽车开发平台、百度Apollo自动驾驶平台。 | |
| 461 | 0 | @12001 @a自动驾驶技术系列丛书@1701 0@a王云鹏,李震宇主编 |
| 606 | 0 | @a汽车驾驶@x自动驾驶系统 |
| 690 | @aU463.8@v5 | |
| 701 | 0 | @a王建@Awang jian@4编著 |
| 801 | 0 | @aCN@bBJSDL@c20211011 |
| 905 | @b1332419-22@dU463.8@e1026@f4 | |
| 自动驾驶技术概论/王建[等]编著.-北京:清华大学出版社,2020.12 |
| 10,153页:图;26cm.-(自动驾驶技术系列丛书/王云鹏,李震宇主编) |
| “十三五”国家重点图书出版规划项目 |
| ISBN 978-7-302-53778-6:CNY59.80 |
| 本书系统地对自动驾驶所涉及的技术进行了介绍,主要内容包括:传统汽车和自动驾驶汽车的发展历史及行业现状、传统汽车和自动驾驶汽车构造基础、自动驾驶汽车线控系统技术、自动驾驶汽车环境感知和高精度定位技术、自动驾驶汽车开发平台、百度Apollo自动驾驶平台。 |
| ● |
| 相关链接 |
|
|
|
|
正题名:自动驾驶技术概论
索取号:U463.8/1026
 
预约/预借
| 序号 | 登录号 | 条形码 | 馆藏地/架位号 | 状态 | 备注 |
| 1 | 1332419 | 213324197 | 第二样本阅览室/ [索取号:U463.8/1026] | 在馆 | |
| 2 | 1332420 | 213324204 | 第三借阅区/ [索取号:U463.8/1026] | 在馆 | |
| 3 | 1332421 | 213324213 | 第三借阅区/ [索取号:U463.8/1026] | 在馆 | |
| 4 | 1332422 | 213324222 | 第三借阅区/ [索取号:U463.8/1026] | 在馆 |